LEADER 01254nam a2200289 u 4500 001 000000045821 003 CaOOAMICUS 005 20070226114714.0 008 990616s1976 it u000 u ita u 035 $a10827093 040 $aPUL(R)$bita 100 1 $aGiussani, Luigi,$csac.,$d1922-2005.$0(OLS)http://pul/name/64020 245 10$aComunione e liberazione /$cinterviste a Luigi Giussani ; a cura di Robi Ronza. 260 $aMilano :$bJaca Book,$c1976. 300 $a208 p. ;$c19 cm 490 1 $aGià e non ancora.$aPocket ;$v5 650 4$aMovimento cattolico.$0(OLS)http://pul/subject/3482 700 1 $aRonza, Robi,$c1941-$0(OLS)http://pul/name/32899 830 0$aGià e non ancora.$pPocket ;$v5.$0(OLS)http://pul/title/966 850 $aPUL 852 $aPUL$W1$xDP1 Cons. Gen., Altre Classi 1$y22$m43 N 13$j61506$nBK-PRI$b $qStampati$B61506$CPULBib$Z2$F61506 $H $81 852 $aPUL$W1$xDP1 Fondo Dalla Palma$y117$m3 B 17$j84737$qFondi$B195030$CPULBib$Z2$F195030 $HDal2397 $81 941 1 $a1 941 1 $a8 961 $aINV: 42581 996 $6245$aComunione e liberazione$9(OLS)http://pul/title/61796 996 $6260$aMilano :$bJaca Book$9(OLS)http://pul/publisher/47900 LEADER 01537nam a2200337 u 4500 001 000000053179 003 CaOOAMICUS 005 20070226115530.0 008 001109s1994 it u000 u ita u 020 $a8870942236 035 $a10860707 040 $aPUL$bita 245 00$aCristianesimo nella postmodernità e paideia cristiana della libertà /$cE. Kaczynski ... [et al.] ; a cura di A. Lobato. 260 $aBologna :$bEdizioni Studio Domenicano,$c1994. 300 $a191 p. ;$c21 cm 490 1 $aCollana "Philosophia" ;$v23 504 $aBibliografia in nota. 650 4$aCristianesimo.$0(OLS)http://pul/subject/787 650 4$aLibertà.$0(OLS)http://pul/subject/40 700 1 $aKaczynski, Edward,$cO.P.,$d1937-$0(OLS)http://pul/name/35506 700 1 $aLobato, Abelardo,$cO.P.$0(OLS)http://pul/name/27129 830 0$aCollana "Philosophia" ;$v23.$0(OLS)http://pul/title/3104 850 $aPUL 852 $aPUL$W1$xSL Religione 1$y3$m58 C 116$j70201$nBK-PRI$b $qStampati$B70201$CPULBib$Z2$F70201 $H $81 852 $aPUL$W1$xSL Religione 1$y3$m58 B 66$j70202$n $b $qStampati$B70202$CPULBib$Z2$F70202 $H $81 941 1 $a8 961 $aINV: 83215 961 $aINV: 76067 996 $6020$a8870942236$9(OLS)http://pul/number/67045 996 $6245$aCristianesimo nella postmodernità e paideia cristiana della libertà$9(OLS)http://pul/title/71320 996 $6260$aBologna :$bEdizioni Studio Domenicano$9(OLS)http://pul/publisher/49136